[Event "DEM U18w 2024"]
[Site "Willingen GER"]
[Date "2024.05.25"]
[Round "9"]
[White "Schirmer, Sara"]
[Black "Görlach, Hanna"]
[Result "1-0"]
[Termination "normal"]
[Board "11"]
[WhiteElo "1638"]
[BlackElo "1578"]
[WhiteClock "00:43:19"]
[BlackClock "00:21:20"]
[PlyCount "101"]
[WhiteFideId "16297580"]
[BlackFideId "34675604"]
[EventCountry "GER"]
[EventRounds "9"]
[EventType "swiss"]
[EventDate "2024.05.18"]

1. d4 {[%clk 01:30:57]} {[%emt 00:00:03]} Nf6 {[%clk 01:30:56]} {[%emt
00:00:04]} 2. c4 {[%clk 01:31:13]} {[%emt 00:00:14]} g6 {[%clk 01:30:49]}
{[%emt 00:00:38]} 3. Nc3 {[%clk 01:31:35]} {[%emt 00:00:07]} Bg7 {[%clk
01:30:07]} {[%emt 00:01:12]} 4. e4 {[%clk 01:32:00]} {[%emt 00:00:06]} d6
{[%clk 01:30:09]} {[%emt 00:00:27]} 5. f3 {[%clk 01:32:16]} {[%emt 00:00:14]}
O-O {[%clk 01:29:51]} {[%emt 00:00:48]} 6. Be3 {[%clk 01:32:41]} {[%emt
00:00:05]} a6 {[%clk 01:21:34]} {[%emt 00:08:48]} 7. Nge2 {[%clk 01:31:49]}
{[%emt 00:01:22]} Nbd7 {[%clk 01:16:12]} {[%emt 00:05:52]} 8. Qd2 {[%clk
01:31:48]} {[%emt 00:00:30]} b5 {[%clk 01:08:22]} {[%emt 00:08:20]} 9. h4
{[%clk 01:31:32]} {[%emt 00:00:46]} Nb6 {[%clk 00:53:35]} {[%emt 00:15:17]} 10.
Ng3 {[%clk 01:22:37]} {[%emt 00:09:26]} Nxc4 {[%clk 00:46:51]} {[%emt
00:07:14]} 11. Bxc4 {[%clk 01:22:59]} {[%emt 00:00:07]} bxc4 {[%clk 00:47:17]}
{[%emt 00:00:04]} 12. h5 {[%clk 01:22:28]} {[%emt 00:01:01]} e5 {[%clk
00:33:32]} {[%emt 00:14:15]} 13. d5 {[%clk 01:22:24]} {[%emt 00:00:34]} Re8
{[%clk 00:27:34]} {[%emt 00:06:28]} 14. O-O-O {[%clk 01:17:32]} {[%emt
00:05:22]} Qe7 {[%clk 00:23:56]} {[%emt 00:04:07]} 15. hxg6 {[%clk 01:16:45]}
{[%emt 00:01:18]} fxg6 {[%clk 00:24:11]} {[%emt 00:00:16]} 16. Kb1 {[%clk
01:13:12]} {[%emt 00:04:02]} Bd7 {[%clk 00:21:19]} {[%emt 00:03:23]} 17. Rh2
{[%clk 01:06:57]} {[%emt 00:06:44]} Reb8 {[%clk 00:19:14]} {[%emt 00:02:35]}
18. Rdh1 {[%clk 01:06:07]} {[%emt 00:01:19]} Rb7 {[%clk 00:18:22]} {[%emt
00:01:22]} 19. Nge2 {[%clk 01:00:13]} {[%emt 00:06:24]} Rab8 {[%clk 00:18:09]}
{[%emt 00:00:44]} 20. Nd1 {[%clk 01:00:31]} {[%emt 00:00:12]} Ba4 {[%clk
00:16:40]} {[%emt 00:01:59]} 21. Nec3 {[%clk 01:00:44]} {[%emt 00:00:17]} Bxd1
{[%clk 00:15:47]} {[%emt 00:01:23]} 22. Nxd1 {[%clk 01:01:05]} {[%emt
00:00:10]} Nh5 {[%clk 00:14:53]} {[%emt 00:01:23]} 23. g4 {[%clk 00:47:20]}
{[%emt 00:14:14]} Nf6 {[%clk 00:15:03]} {[%emt 00:00:20]} 24. Qc3 {[%clk
00:47:27]} {[%emt 00:00:22]} Qd7 {[%clk 00:12:00]} {[%emt 00:03:35]} 25. Qxc4
{[%clk 00:46:03]} {[%emt 00:01:54]} Qb5 {[%clk 00:11:58]} {[%emt 00:00:32]} 26.
Qxb5 {[%clk 00:46:20]} {[%emt 00:00:14]} Rxb5 {[%clk 00:12:23]} {[%emt
00:00:04]} 27. Nc3 {[%clk 00:46:21]} {[%emt 00:00:28]} Rb4 {[%clk 00:11:42]}
{[%emt 00:01:12]} 28. Rc1 {[%clk 00:45:19]} {[%emt 00:01:31]} R4b7 {[%clk
00:10:53]} {[%emt 00:01:20]} 29. Rhc2 {[%clk 00:44:28]} Rc8 {[%clk 00:10:50]}
{[%emt 00:01:54]} 30. Na4 {[%clk 00:44:28]} {[%emt 00:00:30]} Ne8 {[%clk
00:09:52]} {[%emt 00:01:28]} 31. Rc6 {[%clk 00:35:00]} {[%emt 00:09:58]} Ra8
{[%clk 00:08:12]} {[%emt 00:02:10]} 32. b3 {[%clk 00:30:07]} {[%emt 00:05:23]}
Rb4 {[%emt 00:02:11]} 33. Nb2 {[%clk 00:29:43]} {[%emt 00:00:06]} Bf6 {[%clk
00:07:18]} {[%emt 00:00:31]} 34. Nd3 {[%clk 00:29:21]} {[%emt 00:00:51]} Rb7
{[%clk 00:07:18]} {[%emt 00:00:31]} 35. R1c4 {[%clk 00:29:20]} {[%emt
00:00:31]} Kf7 {[%clk 00:03:47]} {[%emt 00:04:01]} 36. Ra4 {[%clk 00:28:44]}
{[%emt 00:01:06]} Bd8 {[%clk 00:03:28]} {[%emt 00:00:48]} 37. Rcxa6 {[%clk
00:28:40]} {[%emt 00:00:35]} Rxa6 {[%clk 00:03:46]} {[%emt 00:00:13]} 38. Rxa6
{[%clk 00:29:02]} {[%emt 00:00:07]} Rb8 {[%clk 00:03:08]} {[%emt 00:01:09]} 39.
Kb2 {[%clk 00:28:45]} {[%emt 00:00:46]} h5 {[%clk 00:02:21]} {[%emt 00:01:17]}
40. gxh5 {[%clk 00:28:59]} {[%emt 00:00:16]} gxh5 {[%clk 00:02:48]} {[%emt
00:00:04]} 41. Rc6 {[%clk 00:29:06]} {[%emt 00:00:22]} h4 {[%clk 00:01:01]}
{[%emt 00:02:17]} 42. Rc1 {[%clk 00:27:54]} {[%emt 00:01:42]} Kg6 {[%clk
00:01:03]} {[%emt 00:00:29]} 43. Rh1 {[%clk 00:27:16]} {[%emt 00:01:07]} Kh5
{[%clk 00:01:11]} {[%emt 00:00:19]} 44. Rg1 {[%clk 00:21:28]} {[%emt 00:06:20]}
Nf6 {[%clk 00:28:09]} {[%emt 00:03:32]} 45. Nf2 {[%clk 00:46:14]} {[%emt
00:05:44]} Be7 {[%clk 00:21:59]} {[%emt 00:06:41]} 46. Rg5+ {[%clk 00:44:48]}
{[%emt 00:01:56]} Kh6 {[%clk 00:22:09]} {[%emt 00:00:20]} 47. Rxe5+ {[%clk
00:45:03]} {[%emt 00:00:14]} Kg6 {[%clk 00:21:52]} {[%emt 00:00:48]} 48. Rxe7
{[%clk 00:44:32]} {[%emt 00:01:01]} Rh8 {[%clk 00:21:52]} {[%emt 00:00:29]} 49.
Rxc7 {[%clk 00:44:38]} {[%emt 00:00:24]} h3 {[%clk 00:22:15]} {[%emt 00:00:08]}
50. Rc1 {[%clk 00:44:19]} {[%emt 00:00:49]} Rh4 {[%clk 00:21:20]} {[%emt
00:01:24]} 51. Rg1+ {[%clk 00:43:19]} {[%emt 00:01:30]} 1-0